00521nam a22001457a 4500003000400000005001700004020001800021040000600039082002100045100002600066245008800092260002600180300001800206650015100224OSt20170105102932.0 a9789698535223 a1 a327.17bHAS 2014 aHashmat, Shahid Ahmad aInternational Conflict Resolution Role of the UN and OIC cDr Shahid Ahmad Hashmat aIslamabadbNustc2014 a277 p,b22 cm aConflict resolution,Global Peace and Security, the Organization of Islamic Cooperation (OIC), the OIC and Conflict Resolution, future role of OIC